| 000 | 01009nas a2200313 4500 | ||
|---|---|---|---|
| 001 | BR2017001447 | ||
| 003 | BR-BrBNA | ||
| 005 | 20231205130943.0 | ||
| 007 | ta | ||
| 008 | 230509b bl.|||p| |||| 00| 00por d | ||
| 040 |
_aBR-BrBNA _bpor _cBiblioteca Nacional de Agricultura |
||
| 041 | _a(Pt) | ||
| 072 | _aH20 | ||
| 100 | 1 | _aFaria, R.Q. de | |
| 100 | 1 | _aConeglian, A. | |
| 100 | 1 | _aTeixeira, I.R. | |
| 100 | 1 | _aSantos, A.R.P. dos | |
| 100 | 1 | _aCardoso, A. de O. | |
| 245 | 1 | _aDesempenho da termoterapia na brotação de microtoletes de cana de açúcar | |
| 650 | _aCANA DE AÇÚCAR | ||
| 650 | _aDOENÇA DE PLANTA | ||
| 650 | _aRAQUITISMO DAS SOQUEIRAS | ||
| 650 | _aVARIEDADE RESISTENTE | ||
| 650 | _aTRATAMENTO TÉRMICO | ||
| 773 | 0 |
_tRevista Agrotecnologia (Brazil) _xISSN 2179-5959 _g(2016), v. 7(1) p. 27-32 _wBR2017001447 |
|
| 856 | 4 | 0 | _uhttp://www.revista.ueg.br/index.php/agrotecnologia/article/view/5019/pdf |
| 909 |
_a202311 _bLúcia _c55 _dLúcia Elande |
||
| 942 |
_2AGRIS _n0 _cANA |
||
| 999 |
_c252251 _d252251 |
||